COMMUNITY HEALTH NURSING FOR BSc AND BP BSc NURSING STUDENTS VOLUME 2 (Record no. 217036)

MARC details
000 -LEADER
fixed length control field 00664nam a22001817a 4500
008 - FIXED-LENGTH DATA ELEMENTS--GENERAL INFORMATION
fixed length control field 260421b |||||||| |||| 00| 0 eng d
020 ## - INTERNATIONAL STANDARD BOOK NUMBER
International Standard Book Number 978-93-85891-11-3
050 ## - LIBRARY OF CONGRESS CALL NUMBER
Classification number RT 98 .B 37 2016
100 ## - MAIN ENTRY--PERSONAL NAME
Personal name BASAVANTHAPPA, BT
245 ## - TITLE STATEMENT
Title COMMUNITY HEALTH NURSING FOR BSc AND BP BSc NURSING STUDENTS VOLUME 2
250 ## - EDITION STATEMENT
Edition statement 3
260 ## - PUBLICATION, DISTRIBUTION, ETC.
Place of publication, distribution, etc. NEW DELHI,
Name of publisher, distributor, etc. JAYPEE BROTHERS MEDICAL PUBLISHERS (P) LTD,
Date of publication, distribution, etc. 2016,
300 ## - PHYSICAL DESCRIPTION
Extent XXiV, 766 P - 1477 P
500 ## - GENERAL NOTE
General note INCLUDES INDEX
650 ## - SUBJECT ADDED ENTRY
Topical term or geographic name entry element 1 Community health nursing-Textbooks 2. Public health nursing-Textbooks 3. Nursing-India-Textbooks 4. Health promotion-Textbooks
942 ## - ADDED ENTRY ELEMENTS (KOHA)
Source of classification or shelving scheme Library of Congress Classification
Koha item type Long Loan Book
Holdings
Withdrawn status Lost status Source of classification or shelving scheme Damaged status Not for loan Collection Home library Current library Shelving location Date acquired Inventory number Total checkouts Full call number Barcode Date last seen Copy number Price effective from Koha item type
    Library of Congress Classification     Medicine Kisii University Library Kisii University Library On Display 04/21/2026 097101   RT 98 .B 37 2016 V. 2 000000004882 04/21/2026 1 04/21/2026 Long Loan Book
    Library of Congress Classification     Medicine Kisii University Library Kisii University Library On Display 04/21/2026 096496   RT 98 .B 37 2016 V. 2 043774 04/21/2026 2 04/21/2026 Long Loan Book
    Library of Congress Classification     Medicine Kisii University Library Kisii University Library On Display 04/21/2026 097382   RT 98 .B 37 2016 V. 2 024775 04/21/2026 3 04/21/2026 Long Loan Book
    Library of Congress Classification     Medicine Kisii University Library Kisii University Library On Display 04/21/2026 113207   RT 98 .B 37 2016 V. 2 A000389 04/21/2026 4 04/21/2026 Long Loan Book
    Library of Congress Classification     Medicine Kisii University Library Kisii University Library On Display 04/21/2026 113208   RT 98 .B 37 2016 V. 2 A000943 04/21/2026 5 04/21/2026 Long Loan Book
    Library of Congress Classification     Medicine Kisii University Library Kisii University Library On Display 04/21/2026 113209   RT 98 .B 37 2016 V. 2 A000387 04/21/2026 6 04/21/2026 Long Loan Book